000 00318nam a22001457a 4500
020 _a81-219-2537-1
041 _aENG
100 _aKhurmi.R.S
245 _aA Textbook of Machine Desing
260 _aNew Delhi
_bEurasia Publishing House
_c2000
300 _a1098
650 _aFMP
700 _aGupta.J.K
856 _uFMP
999 _c573
_d573